| 000 | 00656nam a2200241Ia 4500 | ||
|---|---|---|---|
| 003 | BUBTL | ||
| 008 | 151213s9999 xx 000 0 und d | ||
| 020 | _a9847021500246 | ||
| 041 | _aEnglih | ||
| 082 | _a344.015492/ P154l/ 2016 | ||
| 100 |
_a Paul, Nirmal Chandra _95396 |
||
| 245 |
_aThe Bangladesh Labour Act & Rules/ _cNirmal Chandra Paul |
||
| 250 | _a9th ed. | ||
| 260 |
_aDhaka _bShams Publication _cc2016 |
||
| 300 |
_a[45],747p. : _bill. ; 22 cm. |
||
| 526 | _aLaw | ||
| 650 | 0 |
_aLaw _92102 |
|
| 650 | _a | ||
| 700 |
_aNirmal Chandra Paul _94121 |
||
| 856 |
_k0 _l0 _yDownload |
||
| 942 |
_2ddc _cBK |
||
| 999 |
_c4030 _d4030 |
||